| 000 | 00535nam a2200181Ia 4500 | ||
|---|---|---|---|
| 999 |
_c14243 _d14243 |
||
| 003 | OSt | ||
| 005 | 20201027125940.0 | ||
| 008 | 190216s9999||||xx |||||||||||||| ||und|| | ||
| 020 | _a140003454 | ||
| 040 | _coclc | ||
| 082 |
_a863.64 _bMAR/L |
||
| 100 |
_aMarquez, Gabriel Garcia _95316 |
||
| 245 | 0 |
_aLiving To Tell The Tale / _cGabriel Garcia Marquez |
|
| 260 |
_bVintage Books, _anew york: _c1998. |
||
| 300 | _a533 p | ||
| 650 | _aEnglish-Fiction English | ||
| 942 |
_cBK _2ddc _h863.64 _iMAR/L _k863.64 _mMAR/L |
||